00447nam a2200181 a 4500001001300000003000900013005001700022008004100039020001000080082001700090100001800107245002100125260003500146300000900181500003500190505001000225650003000235nice12345678IN_TiNIC20260116013439.0050524s1963 newa grp 000 0 eng  ac10000a232.908bZAH aZahrnt, Heinz aHistorical Jesus aNew YorkbHarper and Rowc1963 a159p aincludes index and biblioraphy2 aIndex aJesus Christ-Historiocity